تقويم كتاب العلوم الدينية للصف السادس الابتدائى من وجهة نظر موجهى التربية الاسلامية و معلميها فى المنطقة الغربية
Saved in:
| 主要作者: | |
|---|---|
| 其他作者: | |
| 格式: | Thesis |
| 語言: | Arabic |
| 出版: |
مكة مكرمة
: جامعة ام قرى،
1987
|
| 主題: | |
| 標簽: |
添加標簽
沒有標簽, 成為第一個標記此記錄!
|
| LEADER | 014880000a22003250004500 | ||
|---|---|---|---|
| 001 | 103840 | ||
| 005 | 20021117204000.0 | ||
| 008 | 940908s1987 ara | ||
| 035 | |a 336954 | ||
| 035 | |a (Sirsi) 103840 | ||
| 040 | |a UIAM |b eng | ||
| 043 | |a a-su--- | ||
| 049 | |b m | ||
| 050 | |a BP43S33 | ||
| 100 | 1 | |a زهرانى، على سعيد فقار | |
| 245 | 1 | 0 | |a تقويم كتاب العلوم الدينية للصف السادس الابتدائى من وجهة نظر موجهى التربية الاسلامية و معلميها فى المنطقة الغربية |
| 246 | 0 | 0 | |a Taqwim kitab al-'ulum al-diniyah lil-saf al-sadis al-ibtida'i min wijhat nazar muwajjihi al-tarbiyah al-Islamiyah wa-mu'allimiha fi al-mantiqah al-Gharbiyah / |c i'dad 'Ali Sa'id al-Faqqar al-Zahrani; ishraf Ghassan Khalid Badi |
| 260 | 1 | |a مكة مكرمة |b : جامعة ام قرى، |c 1987 | |
| 300 | |a 293 p. ;30 cm. | ||
| 500 | |a Includes bibliographical references (p. 252-257). | ||
| 502 | |a M.A.- Kulliyat al-Tarbiyah, Jami'at Umm al-Qura, 1987 | ||
| 533 | |a 1 copy | ||
| 596 | |a 1 | ||
| 650 | 0 | |a Islamic religious education, Primary |z Saudi Arabia | |
| 651 | 0 | |a Islamic religious education |z Saudi Arabia | |
| 655 | 0 | 7 | |a Theses, non-IIUM |
| 700 | 1 | |a Zahrani, 'Ali Sa'id al-Faqqar | |
| 900 | |a checked a r r 260696 | ||
| 999 | |c 430829 |d 462320 | ||
| 952 | |0 0 |6 T BP 000043 S33Z19T |7 0 |8 THESES |9 750288 |a IIUM |b IIUM |c MULTIMEDIA |g 0.00 |o t BP43S33Z19T |p 00000336956 |r 2017-10-17 |t 1 |v 0.00 |y THESIS | ||
